INTRODUCTION TO ELECTRON AND ELECTROMECHANICAL DEVICES (Record no. 583513)
[ view plain ]
| 000 -LEADER | |
|---|---|
| fixed length control field | 00418nam a22001337a 4500 |
| 020 ## - INTERNATIONAL STANDARD BOOK NUMBER | |
| International Standard Book Number | 0-13-481408-8 |
| 082 ## - DEWEY DECIMAL CLASSIFICATION NUMBER | |
| Classification number | 621.3 YEA'I |
| 100 ## - MAIN ENTRY--PERSONAL NAME | |
| Personal name | GOURLEY, R.,YEAGER, D. A |
| 9 (RLIN) | 78383 |
| 245 ## - TITLE STATEMENT | |
| Title | INTRODUCTION TO ELECTRON AND ELECTROMECHANICAL DEVICES |
| 260 ## - PUBLICATION, DISTRIBUTION, ETC. | |
| Place of publication, distribution, etc. | NEWJERSCY |
| Name of publisher, distributor, etc. | PRENTICE HALL |
| Date of publication, distribution, etc. | 1976 |
| 300 ## - PHYSICAL DESCRIPTION | |
| Extent | 301P |
| 650 ## - SUBJECT ADDED ENTRY--TOPICAL TERM | |
| Topical term or geographic name entry element | ELECTRIC APPARATUS AND APPLICATIONS ELECTRONIC APPARATUS AND APPLICATIONS |
| 9 (RLIN) | 78384 |
| 942 ## - ADDED ENTRY ELEMENTS (KOHA) | |
| Koha item type | Book |
| Withdrawn status | Lost status | Damaged status | Not for loan | Permanent Location | Current Location | Shelving location | Date acquired | Total Checkouts | Full call number | Barcode | Date last seen | Price effective from | Koha item type |
|---|---|---|---|---|---|---|---|---|---|---|---|---|---|
| College of Electrical & Mechanical Engineering (CEME) | College of Electrical & Mechanical Engineering (CEME) | General Stacks | 06/15/2017 | 621.3 YEA'I | CEME-8277 | 06/28/2021 | 06/28/2021 | Book |
